书目信息 |
| 题名: |
中国社会保障发展报告
|
|
| 作者: | 陈佳贵 , 王延中 主编 | |
| 分册: | No.4(2010) 让人人享有公平的社会保障 | |
| 出版信息: | 北京 社会科学文献出版社 2010 |
|
| 页数: | 368页 | |
| 开本: | 24cm | |
| 丛书名: | 皮书系列 | |
| 单 册: | ||
| 中图分类: | D632.1 | |
| 科图分类: | ||
| 主题词: | 社会保障--研究报告--中国--2010 , 社会保障 | |
| 电子资源: | ||
| ISBN: | 978-7-5097-1396-9 | |
| 000 | 01308oam2 2200301 450 | |
| 001 | 004534756 | |
| 005 | 20110111080636.46 | |
| 010 | @a978-7-5097-1396-9@dCNY59.00 | |
| 100 | @a20100521d2010 em y0chiy0110 ea | |
| 101 | 0 | @achi@eeng |
| 102 | @aCN@b110000 | |
| 105 | @ay z 000yy | |
| 106 | @ar | |
| 200 | 1 | @a中国社会保障发展报告@Azhong guo she hui bao zhang fa zhan bao gao@hNo.4(2010)@i让人人享有公平的社会保障@dChina social security system development report@hNo.4(2010)@iBuilding an equal treatment social security system@f陈佳贵,王延中主编@zeng |
| 210 | @a北京@c社会科学文献出版社@d2010 | |
| 215 | @a368页@d24cm | |
| 225 | 2 | @a皮书系列 |
| 300 | @a社会保障绿皮书 | |
| 330 | @a本书内容包括:新中国社会保障制度的变迁与发展、构建人人共享的发展型社会保障制度、发展中的中国农村社会保障制度、农民工社会保障问题、城乡社会保障体系建设的财政保障等。 | |
| 410 | 0 | @12001 @a皮书系列 |
| 510 | 1 | @aChina social security system development report@hNo.4(2010)@iBuilding an equal treatment social security system@zeng |
| 606 | 0 | @a社会保障@x研究报告@y中国@z2010 |
| 606 | 0 | @a社会保障 |
| 690 | @aD632.1@v4 | |
| 701 | 0 | @a陈佳贵@Achen jia gui@f(1944.10~)@4主编 |
| 701 | 0 | @a王延中@Awang yan zhong@f(1963~)@4主编 |
| 801 | 0 | @aCN@bSYL@c20110111 |
| 905 | @b205966971-999@h596700-04@dD632.1@e159@f3 | |
| 中国社会保障发展报告.No.4(2010).让人人享有公平的社会保障=China social security system development report.No.4(2010).Building an equal treatment social security system/陈佳贵,王延中主编.-北京:社会科学文献出版社,2010 |
| 368页;24cm.-(皮书系列) |
| 社会保障绿皮书 |
| ISBN 978-7-5097-1396-9:CNY59.00 |
| 本书内容包括:新中国社会保障制度的变迁与发展、构建人人共享的发展型社会保障制度、发展中的中国农村社会保障制度、农民工社会保障问题、城乡社会保障体系建设的财政保障等。 |
| ● |
| 相关链接 |
|
|
|
|
正题名:中国社会保障发展报告
索取号:D632.1/159
 
预约/预借
| 序号 | 登录号 | 条形码 | 馆藏地/架位号 | 状态 | 备注 |
| 1 | 596697 | 205966971 | 第一样本阅览室/ [索取号:D632.1/159] | 在馆 | |
| 2 | 596698 | 205966980 | 第一借阅区/ [索取号:D632.1/159] | 在馆 | |
| 3 | 596699 | 205966999 | 第一借阅区/ [索取号:D632.1/159] | 在馆 |